Diccionario del español actual (Registro nro. 29491)

Detalles MARC
000 -ENCABEZADO
Número de control [NR] 00700nam a2200205Ia 4500
005 - FECHA Y HORA DE LA ÚLTIMA TRANSACCIÓN
control field 20160114151931.0
008 - DE LONGITUD FIJA DE DATOS DE ELEMENTOS - INFORMACIÓN GENERAL
Elementos de longitud fija [NR] 130821s1999 sp grdd spa
020 ## - NUMERO INTERNACIONAL NORMALIZADO PARA LIBROS [R]
Número Internacional Normalizado del libro [NR] 8429464727
040 ## - FUENTE DE CATALOGACION [NR]
Agencia de catalogación original [NR] Co-BoUCM
Idioma de catalogación [NR] spa
Quien Cataloga Luz Cupitra (modificó)
Quien Clasifica Luz Cupitra (modificó)
041 00 - CODIGO DE IDIOMA [R]
Código de idioma para texto/pista de sonido o título separado [R] Español
100 ## - ASIENTO PRINCIPAL--NOMBRE PERSONAL [NR]
Nombre personal [NR] Seco, Manuel
ID Autoridad 73342
245 00 - MENCION DE TITULO [NR]
Título [NR] Diccionario del español actual
Mención de responsabilidad, etc. [NR] Manuel Seco, Olimpia Andrés, Gabino Ramos
250 ## - MENCION DE EDICION [NR]
Mención de edición [NR] 1a. ed
260 ## - PUBLICACION, DISTRIBUCION, ETC. (PIE DE IMPRENTA) [R]
Lugar de publicación, distribución, etc. [R] Madrid (España)
Nombre del editor, distribuidor, etc. [R] Aguilar
Fecha de publicación, distribución, etc. [R] 1999
300 ## - DESCRIPCION FISICA [R]
Extensión [R] 2 volúmenes
650 04 - ASIENTO SECUNDARIO DE MATERIA - TERMINO TEMATICO [R]
Término temático o nombre geográfico como elemento de entrada [NR] Español
Subdivisión de forma [R] Diccionarios y enciclopedias
9 (RLIN) 7588
650 04 - ASIENTO SECUNDARIO DE MATERIA - TERMINO TEMATICO [R]
Término temático o nombre geográfico como elemento de entrada [NR] Lingüística aplicada
9 (RLIN) 26519
942 ## - ELEMENTOS DE ENTRADA AGREGADOS (KOHA)
Tema principal Lingüística
Edición 1
Prefijo de la signatura top. (colección) Colección - Referencia
Parte restante de la signatura top. S445d
Tipo de ítem principal el descrito en 300a Libro de referencia
Sistema de clasificación DEWEY
Clasificación 463
Existencias
Fecha de último préstamo Total préstamos Total Renewals Signatura topográfica Código de barras Prestado Última vez visto Volúmen / Fascículo Ejemplar Price effective from Tipo de ítem Perdido Sistema de clasificación Dañado No prestable Tipo de ítem específico Suprimido Ubicación habitual Ubicación actual Localización Fecha de creación Forma de adquisición Costo
02/12/2021 7 14 R 463 S445d 100052693 05/12/2026 01/12/2025 1a. Ed. V.1 Ej.1 03/02/2013 Libro   DEWEY     Libro   Claustro Sede del Emprendimiento, Innovación y Creación 2do piso 28/02/2003 Compra 265000.00
02/12/2021 5 14 R 463 S445d 100052694 05/12/2026 01/12/2025 1a. Ed. V.2 Ej.1 03/02/2013 Libro   DEWEY     Libro   Claustro Sede del Emprendimiento, Innovación y Creación 2do piso 28/02/2003 Compra 265000.00